000 00506nam a22001697a 4500
003 NUST - PNEC
005 20170116181154.0
008 160111b xxu||||| |||| 00| 0 eng d
020 _a9698839054
040 _cLIBRARY
082 _a891.439 SHE
100 _915792
_aSheikh, Iqrar Hussain
245 _aBadesi Kahaniyan : Duniyan e adab se khobsoorat kahanio ka intekhab
_cIqrar Hussain Sheikh
260 _aLahore:
_bZia Adab;
_cc2006.
650 _915793
_aUrdu Literature
_xGeneral
942 _2ddc
_cBK
999 _c71138
_d71138